=LDR 00000nam 2200000 4500 =001 INLIS000000000041596 =005 20130612151123 =008 ***********************************ind** =035 ##$$0010-061300000041596 =041 ##$$a ind =082 ##$$a 831 =090 ##$$a 831, Kau, k =245 ##$$a Kau datang apadaku =260 ##$$a 1994 $b Jakarta =300 ##$$a 120 hlm., 21 cm =850 ##$$a NBPNMAT